[Event "TCh-AUT 1st Bundesliga 2007-8"]
[Site "Jenbach AUT"]
[Date "2008.01.12"]
[Round "6"]
[White "Kunin, V."]
[Black "Danner, G."]
[Result "1-0"]
[WhiteElo "2538"]
[BlackElo "2445"]
[PlyCount "83"]
[EventDate "2008.01.10"]
[Source "www.chesslib.no"]
[SourceDate "2004.05.04"]

1. d4 Nf6 2. c4 e6 3. Nf3 c5 4. d5 b5 5. dxe6 fxe6 6. cxb5 a6 7. bxa6 Bxa6 8. g3 Nc6 9. Bh3 Be7 10. O-O O-O 11. Nc3 Qe8 12. Bg5 Rb8 13. Qd2 h6 14. Bxf6 Bxf6 15. Rfd1 d5 16. Bg2 Nd4 17. Rab1 Qh5 18. Re1 Qf5 19. Qf4 Nxf3+ 20. Bxf3 Qxf4 21. gxf4 Rb4 22. f5 Rfb8 23. Rbc1 Bg5 24. Rc2 d4 25. Ne4 exf5 26. Nxc5 Bc8 27. Nd3 R4b5 28. b4 Be6 29. Ra1 R5b6 30. a4 Bb3 31. Rc7 Bd8 32. Rd7 Kf8 33. Bd5 Bc2 34. a5 Rg6+ 35. Kf1 Ke8 36. Ne5 Rf6 37. a6 Bb6 38. a7 Bxa7 39. Raxa7 Be4 40. Bf7+ Kf8 41. Ng6+ Rxg6 42. Bxg6 1-0

[Event "RUS-Cup1 Chigorin mem"]
[Site "St Petersburg"]
[Date "1996.??.??"]
[Round "8"]
[White "Solozhenkin, Evgeniy"]
[Black "Ivanov, Vladimir Ivanovich"]
[Result "0-1"]
[WhiteElo "2565"]
[BlackElo "2415"]
[PlyCount "62"]
[EventDate "1996.11.??"]
[Source "ChessBase"]

1. d4 Nf6 2. c4 e6 3. Nf3 c5 4. d5 b5 5. Bg5 Qa5+ 6. Qd2 Qxd2+ 7. Nbxd2 bxc4 8. Bxf6 gxf6 9. e4 Bb7 10. Bxc4 Na6 11. Rd1 Rg8 12. O-O Nc7 13. Rfe1 O-O-O 14. Nb3 f5 15. Ne5 fxe4 16. d6 e3 17. Bf1 exf2+ 18. Kxf2 Nd5 19. Nxf7 Re8 20. Rxd5 Bxd5 21. Nxc5 Bc6 22. Rd1 Bg7 23. Kg1 Ref8 24. Ng5 Bh6 25. h4 Bxg5 26. hxg5 Rxg5 27. b4 Rd5 28. Rc1 Kd8 29. b5 Ba8 30. Ne4 Rd4 31. b6 axb6 0-1

[Event "JUG-chT"]
[Site "Niksic"]
[Date "1996.??.??"]
[Round "?"]
[White "Rajkovic, Dusan"]
[Black "Martinovic, Slobodan"]
[Result "1/2-1/2"]
[WhiteElo "2475"]
[BlackElo "2500"]
[PlyCount "59"]
[EventDate "1996.??.??"]
[Source "www.chesslib.no"]
[SourceDate "2004.05.04"]

1. d4 Nf6 2. c4 e6 3. Nf3 c5 4. d5 b5 5. Bg5 Qa5+ 6. Qd2 Qxd2+ 7. Nbxd2 bxc4 8. e4 Bb7 9. Bxc4 exd5 10. exd5 Nxd5 11. O-O-O Nc7 12. Rhe1+ Ne6 13. Ne4 Bxe4 14. Rxe4 Nc6 15. Bh4 Be7 16. Bb5 Rc8 17. Bg3 Ncd4 18. Nxd4 cxd4+ 19. Kb1 Rc5 20. Re5 h5 21. Rxc5 Bxc5 22. h4 Ke7 23. Bc4 Rh6 24. Be2 Bd6 25. Bxd6+ Kxd6 26. g3 Rh8 27. Rd3 Kc5 28. Ra3 Kb6 29. Rb3+ Kc7 30. Ra3 1/2-1/2

[Event "otb"]
[Site "otb"]
[Date "2007.03.11"]
[Round "10"]
[White "Eliet Nicolas"]
[Black "Schebler Gerhard"]
[Result "1/2-1/2"]
[WhiteElo "2440"]
[BlackElo "2534"]
[PlyCount "66"]
[Source "www.chesslib.no"]
[SourceDate "2004.05.04"]

1. d4 Nf6 2. c4 e6 3. Nf3 c5 4. d5 b5 5. dxe6 fxe6 6. cxb5 d5 7. g3 Be7 8. Nbd2 Qa5 9. a4 a6 10. b4 Qxb4 11. Rb1 Qa5 12. Bh3 axb5 13. Rxb5 Qa6 14. Qb3 c4 15. Qe3 Qxa4 16. Rb6 Nc6 17. O-O d4 18. Nxd4 Nd5 19. Qe4 Nxb6 20. Qxc6+ Qxc6 21. Nxc6 Bf6 22. Ne4 O-O 23. Be3 Na4 24. Nxf6+ gxf6 25. Ra1 Bd7 26. Bg2 Kg7 27. Rd1 Bc8 28. Bf3 Ra6 29. Nb4 Nc3 30. Rc1 Ra3 31. Bd4 Nb5 32. Bc5 Rf7 33. Rxc4 Bb7 1/2-1/2

[Event "WchT U26"]
[Site "Graz AUT"]
[Date "1981.??.??"]
[Round "?"]
[White "Fedorowicz, John P"]
[Black "Speelman, Jonathan S"]
[Result "1/2-1/2"]
[WhiteElo "2435"]
[BlackElo "2535"]
[PlyCount "33"]
[EventDate "1981.08.??"]
[Source "www.chesslib.no"]
[SourceDate "2004.05.04"]

1. d4 Nf6 2. c4 e6 3. Nf3 c5 4. d5 b5 5. Bg5 Qa5+ 6. Nbd2 bxc4 7. Bxf6 gxf6 8. e4 Rg8 9. g3 f5 10. dxe6 fxe6 11. exf5 Bb7 12. Bg2 Nc6 13. O-O O-O-O 14. Nxc4 Qc7 15. fxe6 d5 16. Ncd2 Be7 17. Re1 1/2-1/2

[Event "Banja Luka"]
[Site "Banja Luka"]
[Date "1983.??.??"]
[Round "11"]
[White "Bukic, Enver"]
[Black "Inkiov, Ventzislav"]
[Result "1/2-1/2"]
[WhiteElo "2470"]
[BlackElo "2500"]
[PlyCount "84"]
[EventDate "1983.04.??"]
[Source "ChessBase"]

1. d4 Nf6 2. c4 e6 3. Nf3 c5 4. d5 b5 5. Bg5 Qa5+ 6. Qd2 Qxd2+ 7. Nbxd2 bxc4 8. Bxf6 gxf6 9. e4 Na6 10. Bxc4 Nc7 11. O-O-O Rb8 12. Rhe1 Rg8 13. g3 Bb7 14. Nb1 Ba6 15. Bxa6 Nxa6 16. Na3 Rb4 17. b3 Nc7 18. Nc4 Na8 19. Kc2 Nb6 20. Nxb6 Rxb6 21. Nd2 h5 22. Nc4 Rb7 23. Rd3 Kd8 24. f4 h4 25. f5 hxg3 26. hxg3 Kc7 27. Rh1 Rb8 28. Rh7 Rg7 29. Rh8 exf5 30. exf5 Re8 31. Rf3 Rg4 32. Kc3 Rd4 33. Rd3 Rg4 34. Rf3 Rd4 35. Rd3 Rg4 36. a3 Rg5 37. Rf3 Rg4 38. a4 Rd4 39. Rd3 Rg4 40. a5 a6 41. Rf3 Rd4 42. Rd3 Rg4 1/2-1/2

[Event "Open"]
[Site "Kavala GRE"]
[Date "2007.08.12"]
[Round "9"]
[White "Sanikidze, T."]
[Black "Parligras, M."]
[Result "1/2-1/2"]
[WhiteElo "2427"]
[BlackElo "2542"]
[PlyCount "117"]
[EventDate "2007.08.05"]
[Source "www.chesslib.no"]
[SourceDate "2004.05.04"]

1. d4 Nf6 2. c4 e6 3. Nf3 c5 4. d5 b5 5. Bg5 exd5 6. cxd5 d6 7. e4 a6 8. a4 Be7 9. axb5 Nxe4 10. Bxe7 Qxe7 11. Be2 O-O 12. O-O Bb7 13. Re1 axb5 14. Rxa8 Bxa8 15. Bd3 f5 16. Bxb5 Qf7 17. Nc3 Nxc3 18. bxc3 Qxd5 19. Qa4 Bc6 20. Re7 Bxb5 21. Qxb5 h6 22. c4 Qd1+ 23. Re1 Qd3 24. Re3 Qc2 25. h4 Kh7 26. h5 Rg8 27. Kh2 Qxf2 28. Re7 Qc2 29. Rb7 Qc1 30. Rxb8 Qf4+ 31. Kg1 Qe3+ 32. Kf1 Qc1+ 33. Kf2 Qc2+ 34. Kg3 Rxb8 35. Qxb8 Qxc4 36. Qxd6 Qg4+ 37. Kf2 Qxh5 38. Qxc5 Qg4 39. Qe5 h5 40. Nd4 Qh4+ 41. Kg1 g6 42. Ne6 Qe7 43. Kh2 Qh4+ 44. Kg1 Qe7 45. Kf2 Qh4+ 46. Kf3 Qe7 47. Qd5 Kh6 48. Kf4 Qf6 49. Qd8 Qxd8 50. Nxd8 h4 51. Nf7+ Kh5 52. Ng5 Kh6 53. Nh3 Kh5 54. Nf2 Kh6 55. Nh3 Kh5 56. Ng1 g5+ 57. Kxf5 g4 58. Nh3 gxh3 59. gxh3 1/2-1/2

[Event "Plovdiv"]
[Site "Plovdiv"]
[Date "1982.??.??"]
[Round "13"]
[White "Meduna, Eduard"]
[Black "Inkiov, Ventzislav"]
[Result "1/2-1/2"]
[WhiteElo "2480"]
[BlackElo "2475"]
[PlyCount "108"]
[EventDate "1982.08.??"]
[Source "ChessBase"]

1. d4 Nf6 2. c4 e6 3. Nf3 c5 4. d5 b5 5. Bg5 Qa5+ 6. Qd2 Qxd2+ 7. Nfxd2 bxc4 8. e4 Na6 9. a3 Be7 10. Bxf6 Bxf6 11. Nxc4 O-O 12. Nc3 Bxc3+ 13. bxc3 exd5 14. exd5 Nc7 15. Ne3 Rb8 16. Bc4 d6 17. O-O Bd7 18. a4 Rb2 19. g3 Rfb8 20. Bb5 Bxb5 21. axb5 Nxb5 22. c4 Nd4 23. Rxa7 g6 24. Rd7 Re8 25. Nd1 Rc2 26. Kg2 Nb3 27. Rxd6 Nd2 28. Ne3 Ra2 29. Rc6 Nxf1 30. Kxf1 Rb8 31. d6 Kg7 32. Rxc5 Rbb2 33. Rd5 Rxf2+ 34. Kg1 Rfd2 35. Rxd2 Rxd2 36. Nd5 Kf8 37. d7 Rxd5 38. cxd5 Ke7 39. Kf2 Kxd7 40. Ke3 Kd6 41. Kd4 f5 42. h3 g5 43. g4 f4 44. Ke4 h6 45. Kd4 Kd7 46. Ke4 Ke7 47. Kd4 Kd6 48. Ke4 Kc5 49. Ke5 f3 50. d6 Kc6 51. Ke6 f2 52. d7 f1=Q 53. d8=Q Qxh3 54. Qc8+ Kb5 1/2-1/2

[Event "Staunton CC Blumenfeld theme"]
[Site "Groningen"]
[Date "2003.09.06"]
[Round "3"]
[White "Nijboer, Friso"]
[Black "Hoeksema, Hendrik Pieter"]
[Result "1-0"]
[WhiteElo "2588"]
[BlackElo "2363"]
[PlyCount "127"]
[EventDate "2003.09.??"]
[Source "Roberto Alvarez"]
[SourceDate "2003.11.17"]

1. d4 Nf6 2. c4 e6 3. Nf3 c5 4. d5 b5 5. dxe6 fxe6 6. cxb5 d5 7. g3 Bd6 8. Bg2 a6 9. bxa6 Nc6 10. O-O O-O 11. Nc3 Rxa6 12. b3 Bd7 13. Bb2 Qb8 14. e3 Qb4 15. Qe2 Raa8 16. Ne1 Qa5 17. Nd3 Rab8 18. Rfd1 Bc8 19. Qe1 Nb4 20. Nxb4 cxb4 21. Ne4 Nxe4 22. Bxe4 Bb7 23. Bg2 Qd8 24. Qe2 Ra8 25. Qg4 Qe7 26. Rd2 Bc5 27. Bd4 Bxd4 28. exd4 Qf6 29. Re1 Rae8 30. Re5 Bc8 31. Qe2 Qd8 32. Bh3 Qb6 33. Qe3 Bd7 34. Rc2 h6 35. Bg4 Kh8 36. Be2 Qd8 37. Bd3 Qf6 38. Rc7 Rd8 39. f4 Bc8 40. Qe2 Rf7 41. Qc2 Rxc7 42. Qxc7 Qf8 43. Bb5 Qd6 44. Qxd6 Rxd6 45. Re2 Ba6 46. Bxa6 Rxa6 47. Rc2 g5 48. fxg5 hxg5 49. Kf2 Kg7 50. Kf3 Kf6 51. Kg4 Ra8 52. Rf2+ Kg6 53. h4 gxh4 54. gxh4 Rh8 55. Rf4 Rh7 56. Rf8 Ra7 57. h5+ Kg7 58. Rf2 Kh6 59. Rf6+ Kg7 60. Rxe6 Rxa2 61. Rb6 Rg2+ 62. Kf5 Rh2 63. Rxb4 Rxh5+ 64. Ke6 1-0

[Event "First Saturday 2007 febbraio GM"]
[Site "Budapest UNG"]
[Date "2007.02.14"]
[Round "11"]
[White "Ilincic, Zlatko"]
[Black "Szabo, Krisztian"]
[Result "1/2-1/2"]
[WhiteElo "2486"]
[BlackElo "2465"]
[PlyCount "30"]
[EventDate "2007.02.04"]
[Source "www.chesslib.no"]
[SourceDate "2004.05.04"]

1. d4 Nf6 2. c4 e6 3. Nf3 c5 4. d5 b5 5. Bg5 exd5 6. cxd5 d6 7. e4 a6 8. Bd3 Be7 9. O-O O-O 10. Bc2 Nbd7 11. Qd2 Ne5 12. Nxe5 dxe5 13. Rd1 Qd6 14. Nc3 h6 15. Bh4 Ra7 1/2-1/2